Movies Quiz

Random Movies or Cast Quiz

Movie Cast Match (1991) Quiz Stats

 Plays Quiz Updated Jan 25, 2016

Score 0/40 Timer 08:00
1 Play Today
% Correct
Terminator 2: Judgment Day
91.4%
The Silence of the Lambs
91.2%
Star Trek VI: The Undiscovered Country
91.1%
The Naked Gun 2½: The Smell of Fear
88.4%
Thelma & Louise
88.1%
Father of the Bride
86.8%
City Slickers
84.9%
The Addams Family
83.4%
My Girl
82.4%
Boyz n the Hood
82.3%
Point Break
79.3%
Hook
78.8%
Fried Green Tomatoes
78.1%
Doc Hollywood
77.5%
An American Tail: Fievel Goes West
76.7%
Hot Shots!
76.6%
Bill & Ted's Bogus Journey
76.4%
Robin Hood: Prince of Thieves
76.2%
Beauty and the Beast
74.3%
Sleeping with the Enemy
74.1%
% Correct
What About Bob?
73.5%
Cape Fear
72.4%
Freddy's Dead: The Final Nightmare
72%
The Doors
70.6%
Don't Tell Mom the Babysitter's Dead
70.5%
Backdraft
69.9%
Bugsy
69.9%
King Ralph
69.7%
Highlander II: The Quickening
69%
Double Impact
68.6%
Ernest Scared Stupid
68.3%
The Fisher King
67%
JFK
66.3%
The Prince of Tides
66.3%
The Last Boy Scout
64.7%
Regarding Henry
64.2%
Jungle Fever
60.5%
Frankie and Johnny
60.4%
My Own Private Idaho
58.9%
Hudson Hawk
58.2%

You're not logged in!

Compare scores with friends on all Sporcle quizzes.
OR
Log In

Show Comments

Extras

Top Quizzes Today


Score Distribution

Your Account Isn't Verified!

In order to create a playlist on Sporcle, you need to verify the email address you used during registration. Go to your Sporcle Settings to finish the process.

Report this User

Report this user for behavior that violates our Community Guidelines.

Details: